Negotiation. (Record no. 3925)

MARC details
005 - DATE AND TIME OF LATEST TRANSACTION
control field 20250613070148.0
020 ## - INTERNATIONAL STANDARD BOOK NUMBER
International Standard Book Number 0-07-243255-1
082 ## - DEWEY DECIMAL CLASSIFICATION NUMBER
Classification number 658.405 LEW
100 ## - MAIN ENTRY--PERSONAL NAME
Author name LEWICKI, R. J.
245 ## - TITLE STATEMENT
Title Negotiation.
250 ## - EDITION STATEMENT
Edition statement 4th Ed.
260 ## - PUBLICATION, DISTRIBUTION, ETC.
Place of publication, distribution, etc. New York,
Name of publisher, distributor, etc. McGraw-Hill,
Date of publication, distribution, etc. 2003.
300 ## - PHYSICAL DESCRIPTION
Extent xx, 552p.: ill.; figure, picture, table
Other physical details Bibliography & Index
Dimensions 23cm.
700 ## - ADDED ENTRY--PERSONAL NAME
Other authors/Editors BARRY, B., SAUNDERS, D. M. & MINTON, J. W.
856 ## - ELECTRONIC LOCATION AND ACCESS
Link text Access Online Book
Electronic name Negotiation
Path www.mhhe.com/lewickinegotiation
942 ## - ADDED ENTRY ELEMENTS (KOHA)
Source of classification or shelving scheme Dewey Decimal Classification
Koha item type Books
Holdings
Date last seen Total checkouts Full call number Barcode Cost, replacement price Price effective from Koha item type Lost status Source of classification or shelving scheme Damaged status Not for loan Withdrawn status Home library Current library Shelving location Date acquired Cost, normal purchase price
06/13/2025   LECT 658.405 LEW 00000012911 81000.00 06/13/2025 Books   Dewey Decimal Classification       College of Business Education Main Library College of Business Education Main Library General Collection 02/07/2007 27000.00
06/13/2025   LECT 658.405 LEW 00000012912 81000.00 06/13/2025 Books   Dewey Decimal Classification       College of Business Education Main Library College of Business Education Main Library General Collection 02/07/2007 27000.00